000 00531nam a2200181 a 4500
001 BRCA_7269
005 20190320205756.0
008 270112s2009----uk-a######---#000-0#eng-#
020 _a9781854442437
041 _aeng
044 _aUk
050 4 _aN1449
_b.A84 2009
245 1 0 _aAshmolean
_bBritain´s First Museum.
260 _aReino Unido
_bAshmolean Museum, University of Oxford
_c2009
300 _a168 p.
_bil. a color
_c27 cm.
610 2 4 _aAshmolean Museum
_vExposiciones
_xHistoria
_zGran Bretaña
_918002
942 _2lcc
_cB
999 _c6949
_d6949